Tier-Bilderquizz extrem - Statistiken

Allgemein
  • Dieses Quiz wurde 43 mal gespielt
  • Das Durchschnittsergebnis liegt bei 9 aus 100
Antwortstatistiken
Bildquiz Antwort % Korrekt
Okapi
88%
Nacktmull
58%
Honigdachs
39%
Nandu
39%
Grönlandhai
33%
Erdferkel
30%
Quastenflosser
30%
Seeleopard
27%
Dornteufel
24%
Mähnenwolf
21%
Schnabeligel
21%
Kea
18%
Neuntöter
18%
Schabracken Tapir
18%
Dugong
15%
Eiderente
15%
Fossa
15%
Grönlandwal
15%
Inlandtaipan
15%
Lederschildkröte
15%
Marabu
15%
Pfeilschwanzkrebs
15%
Wandelndes Blatt
15%
Grottenolm
12%
Maulwurfsgrille
12%
Riesenhai
12%
Saiga
12%
Stirnlappenbasilisk
12%
Aurorafalter
9%
Blauhai
9%
Elenantilope
9%
Fangschreckenkrebs
9%
Kakapo
9%
Nasenmuräne
9%
Riesenassel
9%
Blauzungenskink
6%
Bongo
6%
Fächerfisch
6%
Gabunviper
6%
Halsbandpekari
6%
Kokosnuss Krabbe
6%
Magellanpinguin
6%
Manul
6%
Nördliches Breitmaulnashorn
6%
Orchideenmantis
6%
Pangolin
6%
Riemenfisch
6%
Vikunja
6%
Wasserfloh
6%
Atlasspinner
3%
Fransenschildkröte
3%
Goldaguti
3%
Goldtakin
3%
Gorgonenhaupt
3%
Gürtelmull
3%
Hirschziegenantilope
3%
Kragenparadiesvogel
3%
Röhrenaal
3%
Tamandua
3%
Urson
3%
Viscacha
3%
Yeti Krabbe
3%
Ameisenjungfer
0%
Bärenkuskus
0%
Blauer Baumwaran
0%
Borstenwurm
0%
Boxerkrabbe
0%
Brasilianische Wanderspinne
0%
Brückenechse
0%
cuvier Schnabelwal
0%
Diamanttäubchen
0%
Erdwühle
0%
Fuchsgesicht
0%
Großaugenspinne
0%
Grüner Baumpython
0%
Indri
0%
Inkaseeschwalbe
0%
Jaguarundi
0%
Kaiserschnurrbarttamerin
0%
Kaninchennasenbeutler
0%
Kompasqualle
0%
Kragenhai
0%
Moosbarbe
0%
Pfauenspinne
0%
Picasso Drückerfisch
0%
Rabenkakadu
0%
Rotlippen Fledermauslippfisch
0%
Schwarzer Regenfrosch
0%
Sifaka
0%
Spinnenschwanzviper
0%
Streifen Tenrek
0%
Teleskopfisch
0%
Totengräber
0%
Totenkopfschwärmer
0%
Treiberameise
0%
Vogellippfisch
0%
Wolllaus
0%
Zebraducker
0%
Zwergameisenbär
0%
Zwergkaiserfisch
0%
Keine übereinstimmenden Quizze gefunden
Verteilung der Resultate
Anzahl Personen mit jedem Resultat
Perzentil nach korrekt beantworteten Fragen
Ihre Resultats-Entwicklung
Sie haben dieses Quiz noch nicht gespielt